Missing Word: 'M' Authors Quiz Stats

Quiz Updated Jun 29, 2016

Challenge
Share
Tweet
Embed
Score 0/34 Timer 05:00
0 Plays Today
Author Answer % Correct
_____ ShelleyMary
96.4%
_____ CrichtonMichael
94.9%
Herman _____Melville
94%
Karl _____Marx
89.8%
A.A. _____Milne
89.4%
_____ AngelouMaya
86%
Arthur _____Miller
85.6%
_____ PuzoMario
84.1%
Margaret _____Mitchell
77.6%
Toni _____Morrison
77.3%
_____ de CervantesMiguel
76%
George R.R. _____Martin
70.4%
Norman _____Mailer
67.2%
_____ SendakMaurice
66.8%
_____ ProustMarcel
62.7%
Stephenie _____Meyer
62%
Cormac _____McCarthy
58.4%
Author Answer % Correct
W. Somerset _____Maugham
57%
Erich _____ RemarqueMaria
49%
Frank _____McCourt
46.4%
Thomas _____Mann
40.2%
_____ FoucaultMichel
37.4%
_____ L'EngleMadeleine
36.9%
Lucy _____ MontgomeryMaud
36.5%
Iris _____Murdoch
36.4%
_____ KunderaMilan
29.9%
Ford _____ FordMadox
28.8%
_____ GorkyMaxim
28.3%
_____ CabotMeg
27.1%
_____ BulgakovMikhail
23.2%
Bernard _____Malamud
22.5%
Haruki _____Murakami
20.7%
_____ LowryMalcolm
19.6%
_____ Kinnan RawlingsMarjorie
18.3%

Today's Daily Dose

You're not logged in!

Compare scores with friends on all Sporcle quizzes.
Join for Free
OR
Log In

You Might Also Like...

Show Comments

Extras

Top Quizzes Today


Score Distribution

Your Account Isn't Verified!

In order to create a playlist on Sporcle, you need to verify the email address you used during registration. Go to your Sporcle Settings to finish the process.

Report this User

Report this user for behavior that violates our Community Guidelines.

Details: